|
|
|
|
| LEADER |
01844nam a2200313 u 4500 |
| 001 |
10116797 |
| 003 |
upatras |
| 005 |
20231024105720.0 |
| 008 |
150706s2013 gr gre |
| 020 |
|
|
|a 9786185059132
|
| 040 |
|
|
|a GR-PaULI
|c GR-PaULI
|
| 041 |
0 |
|
|a gre
|
| 082 |
0 |
4 |
|a 306.488
|
| 245 |
1 |
0 |
|a Καλλιεργώντας τη φιλαναγνωσία :
|b πραγματικότητες και προοπτικές /
|c επιμέλεια Άντα Κατσίκη-Γκίβαλου και Δημήτρης Πολίτης.
|
| 260 |
|
|
|a Αθήνα :
|b Διάδραση,
|c 2013.
|
| 300 |
|
|
|a 550 σ.
|b πίν., γραφ.
|c 24 εκ.
|
| 650 |
|
4 |
|a Βιβλία και ανάγνωση
|9 12057
|
| 650 |
|
4 |
|a Γνώση, Κοινωνιολογία της
|9 31338
|
| 700 |
1 |
|
|a Κατσίκη-Γκίβαλου, Άντα
|4 edt
|9 40082
|
| 700 |
1 |
|
|a Πολίτης, Δημήτρης
|4 edt
|9 145019
|
| 852 |
|
|
|a GR-PaULI
|b ΠΑΤΡΑ
|b ΒΚΠ
|b ΒΣ1
|k ΑΣΧΕ
|h 306.488 ΚΑΛ
|m 131255
|p 025000249784
|t 1
|
| 852 |
|
|
|a GR-PaULI
|b ΠΑΤΡΑ
|b ΒΚΠ
|b ΒΣ1
|k ΑΣΧΕ
|h 306.488 ΚΑΛ
|m 131256
|p 025000249786
|t 2
|
| 852 |
|
|
|a GR-PaULI
|b ΠΑΤΡΑ
|b ΒΚΠ
|b ΒΣ1
|k ΑΣΧΕ
|h 306.488 ΚΑΛ
|m 131257
|p 025000249785
|t 3
|
| 942 |
|
|
|2 ddc
|c BK15
|
| 952 |
|
|
|0 0
|1 0
|2 ddc
|4 0
|6 306_488000000000000_ΚΑΛ
|7 0
|9 181111
|a LISP
|b LISP
|c BSC
|d 2016-04-24
|i 260814
|l 2
|o 306.488 ΚΑΛ
|p 025000295811
|r 2024-01-09 00:00:00
|s 2023-12-12
|t 1
|w 2016-04-24
|y BK15
|
| 952 |
|
|
|0 0
|1 0
|4 0
|6 306_488000000000000_ΚΑΛ
|7 0
|9 181112
|a LISP
|b LISP
|c BSC
|d 2016-04-24
|i 131256
|l 1
|o 306.488 ΚΑΛ
|p 025000249786
|r 2020-01-14 00:00:00
|s 2019-12-06
|t 2
|w 2016-04-24
|y BK15
|
| 952 |
|
|
|0 0
|1 0
|4 0
|6 306_488000000000000_ΚΑΛ
|7 0
|9 181113
|a LISP
|b LISP
|c BSC
|d 2016-04-24
|i 131257
|l 2
|m 1
|o 306.488 ΚΑΛ
|p 025000249785
|r 2018-01-26 00:00:00
|s 2018-01-05
|t 3
|w 2016-04-24
|y BK15
|
| 998 |
|
|
|c ΒΑΣΙΛΕΙΟΥ
|d 2015-07
|
| 999 |
|
|
|c 111954
|d 111954
|